Les 10 villes les plus peuplées du Texas - Statistiques

Statistiques générales
  • Ce quiz a été pris 190 fois
  • Le résultat moyen est 6 sur 10
Statistiques - réponses
Population Réponses % Correct
1 213 825 Dallas
97%
2 144 491 Houston
95%
709 893 Austin
92%
1 256 509 San Antonio
83%
624 067 Fort Worth
63%
609 415 El Paso
62%
283 474 Corpus Christi
34%
362 805 Arlington
13%
250 096 Plano
10%
216 346 Garland
6%
Aucun quiz correspondant
Distribution des résultats
% des personnes avec chaque résultat
Percentile par nombre de réponses
Votre historique - résultats
Vous n’avez pas pris ce quiz